Moderné nástroje zvyšovania produktivity práce
Kvalita ľudských zdrojov je mierou úspešnosti firmy. Činitele priamo pôsobiace na spoluzamestnancov (metódy riadiacej práce, zabezpečovanie vhodných podmienok na pracovisku, utváranie priateľskej klímy). Motivácia zamestnancov. Moderné nástroje zvyšovania produktivity práce zamestnancov.
Uložené v:
| Hlavný autor: | |
|---|---|
| Médium: | Kapitola |
| Jazyk: | Slovak |
| Predmet: | |
| Tagy: |
Žiadne tagy, Buďte prvý, kto otaguje tento záznam!
|
MARC
| LEADER | 00000naa$a2200000$$$4500 | ||
|---|---|---|---|
| 001 | 0002497 | ||
| 005 | 20231002121833.3 | ||
| 041 | 0 | |a slo | |
| 044 | |a SK | ||
| 245 | 1 | 0 | |a Moderné nástroje zvyšovania produktivity práce |c aut. Miloš Hitka |
| 520 | |a Kvalita ľudských zdrojov je mierou úspešnosti firmy. Činitele priamo pôsobiace na spoluzamestnancov (metódy riadiacej práce, zabezpečovanie vhodných podmienok na pracovisku, utváranie priateľskej klímy). Motivácia zamestnancov. Moderné nástroje zvyšovania produktivity práce zamestnancov. | ||
| 610 | 2 | 0 | |a zdroje ľudské |
| 610 | 2 | 0 | |a motivácia pracovná |
| 610 | 2 | 0 | |a produktivita práce |
| 610 | 2 | 0 | |a pracovníci riadiaci |
| 610 | 2 | 0 | |a práca s ľuďmi |
| 100 | 1 | |a Hitka, Miloš | |